| 000 | 00907nam a22002537a 4500 | ||
|---|---|---|---|
| 003 | AR-BeUNQ | ||
| 005 | 20251127144950.0 | ||
| 008 | 251127b |||||||| |||| 00| 0 spa d | ||
| 020 | _a9789877711745 | ||
| 040 |
_aAR-BeUNQ _bspa _cAR-BeUNQ _eaacr |
||
| 082 |
_221 _a982 GAL |
||
| 100 | 0 | 1 |
_aGalasso, Norberto. _cautor _d1936 _eaut. |
| 245 |
_aDos Argentinas : _bArturo Jauretche-Victoria Ocampo : correspondencia inédita : Sus vidas, sus ideas _cNorberto Galasso. _hLibro. |
||
| 250 | _a3a.ed | ||
| 260 |
_aRosario : _bHomo Sapiens, _c2023 |
||
| 300 |
_a244 p. ; _c23 cm |
||
| 490 | _aIdentidades Bonaerenses | ||
| 500 | _aEstudios historico culturales. | ||
| 600 | _aCorrespondencia | ||
| 650 |
_2spines _aHistoria |
||
| 651 |
_2unescot. _aArgentina. |
||
| 929 |
_aDONACION _bDireccion General de Cultura y Educacion de la Pcia de Buenos Aires _c0 _d0 _e05/11/2024 _fPAT 0082627 _j63712 |
||
| 942 | _cLIB | ||
| 999 |
_c1429 _d1429 |
||